Örneklerle Turbo Pascal/ (Record no. 14072)
| 000 -BAŞLIK | |
|---|---|
| Sabit Uzunluktaki Kontrol Alanı | 00845nam a22002777a 4500 |
| 001 - KONTROL NUMARASI | |
| Control Dosyası | 0014109 |
| 003 - KONTROL NUMARASI KİMLİĞİ | |
| Kontrol Alanı | KOHA_MİRAKIL |
| 005 - EN SON İŞLEM TARİHİ ve ZAMANI | |
| Kontrol Alanı | 20260207001943.0 |
| 007 - FİZİKSEL TANIM SABİT ALAN - GENEL BİLGİ | |
| Sabit uzunluklu kontrol alanı | ta |
| 008 - SABİT UZUNLUKTAKİ VERİ ÖGELERİ - GENEL BİLGİ | |
| Sabit Alan | 100225b1989 tu |||gr||||#0|||0|tur | |
| 040 ## - KATALOGLAMA KAYNAĞI | |
| Özgün Kataloglama Kurumu | TR-BiSEU |
| Kataloglama Dili | tur |
| Çeviri Kurumu | TR-BiSEU |
| Açıklama Kuralları | rda |
| 041 0# - DİL KODU | |
| Metin ya da ses kaydının dil kodu | tur |
| 044 ## - YAYINLAYAN/ÜRETEN KURULUŞUN ÜLKE KODU | |
| ISO country code | tu |
| 050 ## - SINIFLAMA ve YER NUMARASI | |
| Sınıflama Numarası | QA76.73.P35 |
| Yer Numarası | J36 1989 |
| 100 1# - KİŞİ ADI | |
| Yazar Adı (Kişi adı) | Jamsa, Kris. |
| 245 1# - ESER ADI BİLDİRİMİ | |
| Başlık | Örneklerle Turbo Pascal/ |
| Sorumluluk Bildirimi | Kris Jamsa ; Kris Jamsa, Steven Nameroff; çeviren Gürcan Banger. |
| 264 #1 - ÜRERİM, YAYIN, DAĞITIM ve TELİF BİLDİRİMİ | |
| Yayın yeri | Eskişehir : |
| Yayınlayan | Bilim Teknik Yayınevi |
| Yayın tarihi | 1989 |
| 300 ## - FİZİKSEL TANIMLAMA | |
| Sayfa, Cilt vb. | 514 sayfa; 25 cm. |
| 336 ## - İÇERİK TÜRÜ | |
| Content type term | metin |
| Content type code | txt |
| Source | rdacontent |
| 337 ## - MEDYA TÜRÜ | |
| Media type term | aracısız |
| Media type code | n |
| Source | rdamedia |
| 338 ## - TAŞIYICI TÜRÜ | |
| Carrier type term | cilt |
| Carrier type code | nc |
| Source | rdacarrier |
| 650 #0 - KONU BAŞLIĞI EK GİRİŞ - KONU TERİMİ | |
| Konusal terim veya coğrafi ad | Pascal--computer program language. |
| 9 (RLIN) | 33052 |
| 650 #0 - KONU BAŞLIĞI EK GİRİŞ - KONU TERİMİ | |
| Konusal terim veya coğrafi ad | Pascal--bilgisayar programlama dili. |
| 9 (RLIN) | 33053 |
| 907 ## - LOCAL DATA ELEMENT G, LDG (RLIN) | |
| a | Bilgisayar |
| 942 ## - EK GİRİŞ ÖGELERİ (KOHA) | |
| Source of classification or shelving scheme | Library of Congress Classification |
| Koha item type | Book |
| Materyal Türü | Kalıcı Konum | Mevcut Konum | Raf Yeri | Sınıflandırma Kaynağı | Edinim Bilgisi | Ana Konular | Alt Konular | Yer Numarası | Demirbaş Numarası | Fatura Tarihi | Maliyet, Alış Fiyatı | Maliyet, Yenileme Fiyatı | Geri Çekilme Durumu | Kayıp Durumu | Hasarlı Durumu | Kredi için değil | Kayıt Tarih | Toplam Ödünçverme | Son Görülme Tarihi | Son Kontrol Tarihi | Genel / Bağış Notu | Cilt Bilgisi |
|---|---|---|---|---|---|---|---|---|---|---|---|---|---|---|---|---|---|---|---|---|---|---|
| Book | BŞEÜ Pazaryeri MYO Kütüphanesi | BŞEÜ Pazaryeri MYO Kütüphanesi | Library of Congress Classification | Bağış | BİLİM | Matematik | QA76.73.P35 J36 1989 | 0021486 | 02/02/2026 | 3.00 | 3.00 | 17/08/2010 | 05/12/2024 | 05/12/2024 | Genel Bağış | |||||||
| Book | BŞEÜ Pazaryeri MYO Kütüphanesi | BŞEÜ Pazaryeri MYO Kütüphanesi | Library of Congress Classification | Bağış | BİLİM | Matematik | QA76.73.P35 J36 1989 | 0023679 | 02/02/2026 | 3.00 | 3.00 | 01/11/2010 | 05/12/2024 | 05/12/2024 | Genel Bağış | n.2 | ||||||
| Book | Prof. Dr. Azmi Özcan Kütüphanesi | Prof. Dr. Azmi Özcan Kütüphanesi | Birûni Salonu | Library of Congress Classification | Bağış | BİLİM | Matematik | QA76.73.P35 J36 1989 | 0014109 | 02/02/2026 | 3.00 | 3.00 | 25/02/2010 | 05/12/2024 | 05/12/2024 | Genel Bağış |
